000
00320nam a22001337a 4500
008
170928b xxu||||| |||| 00| 0 eng d
020
_a
9780205655311
041
_a
eng
080
_2
4 ED
_a
37
100
_a
37
101
_a
EDU
245
_a
THE LOGMAN ANTHOLOGY BRITISH LITERATURE
_c
DETMAN.H
942
_2
udc
_c
BK
999
_c
30536
_d
30536